<?xml version="1.0" encoding="UTF-8"?>
<record
    xmlns:xsi="http://www.w3.org/2001/XMLSchema-instance"
    xsi:schemaLocation="http://www.loc.gov/MARC21/slim http://www.loc.gov/standards/marcxml/schema/MARC21slim.xsd"
    xmlns="http://www.loc.gov/MARC21/slim">

  <leader>00397    a2200109   4500</leader>
  <controlfield tag="001">ART_13117</controlfield>
  <controlfield tag="005">20260410161817.0</controlfield>
  <controlfield tag="008">260409a                                 </controlfield>
  <datafield tag="245" ind1="1" ind2="0">
    <subfield code="a">La ejecuci&#xF3;n de sentencias y la Ley de Presupuesto</subfield>
  </datafield>
  <datafield tag="100" ind1="1" ind2=" ">
    <subfield code="a">Aberastury, Pedro</subfield>
  </datafield>
  <datafield tag="773" ind1="0" ind2=" ">
    <subfield code="t">Revista Juridica de Buenos Aires</subfield>
    <subfield code="g">El derecho constitucional presupuestario en el derecho comparado (ene. 2010)</subfield>
    <subfield code="w">REV4315</subfield>
  </datafield>
  <datafield tag="999" ind1=" " ind2=" ">
    <subfield code="c">22004</subfield>
    <subfield code="d">22004</subfield>
  </datafield>
</record>
